Alimenti con lettera iniziale F - Statistics

Statistiche generali
  • Questo quiz è stato fatto 140 volte
  • Il punteggio medio è 11 su 12
Statistiche sulle risposte
con Immagini Risposta % Corretto
Finocchio
100%
Fragola
100%
Funghi
100%
Farfalle
98%
Farina
98%
Focaccia
97%
Fagioli
96%
Fico
93%
Frittata
86%
Fava
83%
Fettuccine
74%
Fior di latte
61%
Nessun quiz corrispondente trovato
Distribuzione punteggi
Percentuale di utenti per punteggio
Percentile per numero di risposta
I tuoi punteggi nel tempo
Non hai fatto questo quiz